000 00362nam a2200145Ia 4500
008 230411s9999 xx 000 0 und d
020 _a81-8448-446-1
041 _aeng
082 _aPY/150/SRE/B06063
100 _aSreevani R
245 _aPsychology for Nurses
260 _bJaypee Brothers
_aNew Delhi
_c2009
300 _a324p
999 _c156523
_d156523